Miradas al Mundo Actual

Kaydedildi:
Detaylı Bibliyografya
Yazar: Valery, Paul
Materyal Türü: Kitap
Dil:Undetermined
Baskı/Yayın Bilgisi: Argentina Losada 1954
Konular:
Etiketler: Etiketle
Etiket eklenmemiş, İlk siz ekleyin!

MARC

LEADER 00000nam a2200000Ia 4500
008 170316s9999 xx 000 0 und d
040 |a cru BVZT 
090 |a 840 V-2m 
100 |a Valery, Paul 
245 |a Miradas al Mundo Actual 
260 |a Argentina 
260 |b Losada 
260 |c 1954 
300 |a 274 páginas 
650 |a LITERATURA FRANCESA 
999 |c 8053  |d 8053 
942 |c 15 D  |h 840 V-2m  |2 z